000 00444nam a2200193Ia 4500
003 0100
008 130303s9999 xx 000 0 und d
040 _cARRUPELIB
050 _aBD125.O86 1963
100 _aOwens, Joseph
245 3 _aAn Elementary Christian Metaphysics
260 _aMilwaukee
260 _bThe Bruce Publishing Co.
260 _C1963
300 _a384p.
300 _b22cm
650 _aPHILOSOPHY
942 0 0 _019
999 _c42530
_d42530